000 03247cam a2200565Ia 4500
001 50499432
003 OCoLC
005 20251205003943.0
008 020828s2002 nyua j 000 0 eng d
020 _a0439376084
020 _a9780439376082
020 _a0439267617
_q(paperback)
020 _a9780439267618
_q(paperback)
035 _a(OCoLC)50499432
040 _aSAP
_beng
_cSAP
_dOCLCQ
_dMUS
_dBAKER
_dBTCTA
_dNZWPM
_dLVB
_dYDXCP
_dOCLCG
_dKZV
_dBDX
_dQS8
_dOCLCO
_dOCLCA
_dOCLCQ
_dOCLCO
_dAU@
_dOCLCF
_dOCLCQ
_dMQ9
_dOCLCO
_dNZAUC
_dMTB
_dOCLCO
050 4 _aPN6166
_b.P56 2002
082 0 4 _a790.1
_bPILKEY
100 1 _aPilkey, Dav,
_d1966-
_0https://id.loc.gov/authorities/names/n86066278.
245 1 4 _aThe all new Captain Underpants extra-crunchy book o' fun 2 /
_cby Dav Pilkey.
246 3 _aAll new Captain Underpants extra-crunchy book of fun two.
246 3 0 _aCaptain Underpants extra-crunchy book o' fun 2.
246 3 _aCaptain Underpants extra-crunchy book of fun two.
264 1 _aNew York :
_bBlue Sky Press,
_c2002.
300 _a95 pages :
_billustrations ;
_c20 cm.
336 _atext
_btxt
_2rdacontent.
337 _aunmediated
_bn
_2rdamedia.
338 _avolume
_bnc
_2rdacarrier.
385 _nage
_aChildren
_2lcdgt.
520 _aLearn how to draw your favorite characters, tell cheesy jokes, and even make your own silly Captain Underpants story. Also includes a new comic-book adventure starring Captain Underpants, Super Diaper Baby, and the amazing Diaper Dog.
521 0 _a"RL 3"--Page 4 of cover.
521 1 _a"Ages 7-10"--Page 4 of cover.
600 1 0 _aPilkey, Dav,
_d1966-
_0https://id.loc.gov/authorities/names/n86066278
_xCharacters
_0https://id.loc.gov/authorities/subjects/sh99004962
_xCaptain Underpants
_vJuvenile literature.
600 0 0 _aCaptain Underpants
_c(Fictitious character)
_0https://id.loc.gov/authorities/names/no2020081761.
650 0 _aWit and humor, Juvenile.
_0https://id.loc.gov/authorities/subjects/sh85147133.
650 0 _aGames
_vJuvenile literature.
_0https://id.loc.gov/authorities/subjects/sh2008105037.
650 0 _aPuzzles
_0https://id.loc.gov/authorities/subjects/sh85109260
_vJuvenile literature.
_0https://id.loc.gov/authorities/subjects/sh99001674.
650 0 _aAmusements
_vJuvenile literature.
_0https://id.loc.gov/authorities/subjects/sh2007101099.
650 0 _aCreative activities and seat work.
_0https://id.loc.gov/authorities/subjects/sh85033843.
650 0 _aGames.
_0https://id.loc.gov/authorities/subjects/sh85052948.
650 0 _aSchools
_vFiction.
_0https://id.loc.gov/authorities/subjects/sh2008111268.
650 0 _aHeroes
_vFiction.
_0https://id.loc.gov/authorities/subjects/sh2008105587.
650 1 _aWit and humor.
_0https://id.loc.gov/authorities/childrensSubjects/sj96006382.
650 1 _aJokes.
_0https://id.loc.gov/authorities/childrensSubjects/sj96005794.
655 7 _aPuzzles and games.
_2lcgft
_0https://id.loc.gov/authorities/genreForms/gf2014026158.
655 7 _aJuvenile works.
_2fast
_0(OCoLC)fst01411637.
655 7 _aHumorous fiction.
_2lcgft
_0https://id.loc.gov/authorities/genreForms/gf2014026377.
655 7 _aLiterature.
_2lcgft
_0https://id.loc.gov/authorities/genreForms/gf2014026415.
907 _a.b157245007
942 _cBK
999 _c31281
_d31279